Flair Annual 1953 /
Obra que documenta un año de la revista norteamericana de vanguardia Flair, que ofrece un viaje a través de la literatura, la cultura pop y otras formas artísticas de vanguardia, presentadas en un diseño editorial único para su época, cargado de ventanas, separatas, recortes y páginas dobladas. El l...
Kaydedildi:
| Diğer Yazarlar: | |
|---|---|
| Materyal Türü: | Kitap |
| Dil: | İngilizce |
| Baskı/Yayın Bilgisi: |
EUA :
Cowles Magazines,
1952, c1952
|
| Konular: | |
| Etiketler: |
MARC
| LEADER | 00000nam^a2200000^a^4500 | ||
|---|---|---|---|
| 001 | 000186768 | ||
| 005 | 20250526000000.0 | ||
| 009 | 20260310102236.923 | ||
| 037 | |a Acervo ITESO - Biblioteca | ||
| 041 | |a ING | ||
| 082 | |a 700. 5 |b FLA 1953 | ||
| 240 | 1 | 1 | |a [Flair Annual] |
| 245 | 0 | 0 | |a Flair Annual 1953 / |c Dir. de F. Cowles. |
| 264 | 4 | |a EUA : |b Cowles Magazines, |c 1952, c1952 | |
| 300 | |a 229 p. ; |c 34.0 cm. | ||
| 336 | |a texto |b txt |2 rdacontenido | ||
| 337 | |a sin mediación |b n |2 rdamedio | ||
| 338 | |a volumen |b nc |2 rdasoporte | ||
| 520 | |a Obra que documenta un año de la revista norteamericana de vanguardia Flair, que ofrece un viaje a través de la literatura, la cultura pop y otras formas artísticas de vanguardia, presentadas en un diseño editorial único para su época, cargado de ventanas, separatas, recortes y páginas dobladas. El libro incluye dos páginas de desnudos de Modigliani, cuatro páginas de pinturas recortadas de Salvador Dalí, varios dibujos de Degas y una historia de Delacroix. | ||
| 649 | |a XX | ||
| 650 | |a Arte - |x Publicaciones Periódicas Norteamericanas - |x Tema Principal | ||
| 650 | |a Pop Art | ||
| 650 | |a Cultura Popular | ||
| 650 | |a Surrealismo | ||
| 650 | |a Impresionismo | ||
| 650 | |a Cubismo | ||
| 650 | |a Pintura Moderna - |x Historia y Crítica | ||
| 650 | |a Pintura Italiana - |x Historia y Crítica | ||
| 650 | |a Pintura Española - |x Historia y Crítica | ||
| 650 | |a Pintura Francesa - |x Historia y Crítica | ||
| 650 | |a Arquitectura Moderna - |x Historia y Crítica | ||
| 650 | |a Arquitectura Norteamericana - |x Historia y Crítica | ||
| 650 | |a Arte Italiano - |x Historia y Crítica | ||
| 650 | |a Arte Español - |x Historia y Crítica | ||
| 650 | |a Arte Francés - |x Historia y Crítica | ||
| 650 | |a Arte Norteamericano - |x Historia y Crítica | ||
| 650 | |a Arte - |x Historia y Crítica | ||
| 650 | |a Publicaciones Periódicas Norteamericanas | ||
| 700 | |a Cowles, Fleur |e (dirección) | ||
| 910 | |a Fondo Julio de la Peña Lomelín | ||
| 920 | |a Impresos - Libros | ||
| 930 | |a Libros Antiguos y Raros | ||
| 940 | |a Arquitectos Jaliscienses | ||
| 905 | |a 108 | ||
| 901 | |a 0500128525 |b IT2 |c LRA |u 20250526 | ||
| 902 | |a https://opac.biblio.iteso.mx/vufind/Record/000186768 | ||